000 00530nam a2200205Ia 4500
005 20240823052337.0
008 240823s9999||||xx |||||||||||||| ||und||
020 _a978-0-521-15438-3
041 _aENGLISH
082 _A620.11 Q0
100 _a"Srinivasan A V,"
245 0 _aSmart Structures Analysis and Design
250 _a1st
260 _c2010
_b"Cambridge Universities Press,New Delhi"
500 _aYES
650 _aSmart Structures
_bCivil
700 _a Michael Mc Farland D
942 _cBK
999 _c221643
_d221643